Politika zadržování staronová strategie proti světovému terorismu
Na minha lista:
| Autor principal: | |
|---|---|
| Outros Autores: | |
| Formato: | Livro |
| Idioma: | tcheco |
| Publicado em: |
Praha
Univerzita Karlova v Praze. Nakladatelství Karolinum
2009
|
| Assuntos: | |
| Tags: |
Sem tags, seja o primeiro a adicionar uma tag!
|
MARC
| LEADER | 00000nam$a2200000$$$4500 | ||
|---|---|---|---|
| 001 | 0098630 | ||
| 005 | 20221207101238.6 | ||
| 020 | |a 978-80-246-1669-8 | ||
| 041 | 0 | |a cze | |
| 044 | |a CZ | ||
| 245 | 1 | 0 | |a Politika zadržování |b staronová strategie proti světovému terorismu |c Ian Shapiro ; přeložila: Dana Gabľasová |
| 264 | 1 | |a Praha |b Univerzita Karlova v Praze. Nakladatelství Karolinum |c 2009 | |
| 300 | |a 173 s. | ||
| 610 | 2 | 0 | |a politika bezpečnostná |
| 610 | 2 | 0 | |a demokracia |
| 610 | 2 | 0 | |a ochrana ľudských práv |
| 610 | 2 | 0 | |a moc politická |
| 610 | 2 | 0 | |a vzťahy medzinárodné |
| 610 | 2 | 0 | |a konflikty medzinárodné |
| 610 | 2 | 0 | |a politika zahraničná |
| 610 | 2 | 0 | |a bezpečnosť medzinárodná |
| 610 | 2 | 0 | |a vojny |
| 610 | 2 | 0 | |a zbrojenie |
| 610 | 2 | 0 | |a prezidenti |
| 610 | 2 | 0 | |a strany politické |
| 610 | 2 | 0 | |a svet |
| 610 | 2 | 0 | |a USA |
| 610 | 2 | 0 | |a Amerika |
| 610 | 2 | 0 | |a Rusko |
| 100 | 1 | |a Shapiro, Ian | |
| 700 | 1 | |a Gabľasová, Dana | |